000 01073nam a2200229 a 4500
008 080109s1982 ||||||||||||||||| || u
020 _a0135279860
050 _aHD 39.4 Bie
100 _aBierman, Harold
245 1 4 _aThe lease versus buy decision
260 _aEnglewood Cliffs, N.J.
_bFT Prentice-Hall
_c1982
300 _axii, 111p. : ill
350 _a0.00
490 _aPrentice-Hall foundations of finance series
500 _aIncludes index. -Bibliography: p. 107-108.
650 _aLease or buy decisions
650 _aIndustrial equipment leases
650 0 _aBUSINESS
995 _aANNEX COLLECTION (Main Library)
_D0.00
_e709336
_FCBU-MAIN LIBRARY (Kitwe)
_H1
_I17.05
_jHD 39.4 Bie
_M1
_UAVAILABLE
_y003502
_ZAnnex Low-Usage Collection
995 _aMAIN LIBRARY OPEN ACCESS
_D0.00
_e709335
_FCBU-MAIN LIBRARY (Kitwe)
_H3
_I17.05
_jHD 39.4 Bie
_M2
_UAVAILABLE
_y003503
_ZMain Library Open Access Collection
995 _aMAIN LIBRARY OPEN ACCESS
_D0.00
_e709337
_FCBU-MAIN LIBRARY (Kitwe)
_H2
_I17.05
_jHD 39.4 Bie
_M3
_UAVAILABLE
_y003504
_ZMain Library Open Access Collection
999 _c80665
_d80665